00616pam a2200169 a 450008200320000010000290003224500560006125000120011726000310012930000350016052600370019565000080023265000200024085600550026085600650031585600660038000a624.15136bMITcL-39, P-1621 aMitchell, James Kenneth,10aFundamentals of soil behavior /cJames K. Mitchell. a2nd ed. aNew York :bWiley,cc1993. axiii, 437 p. :bill. ;c29 cm. a0b0c0d624_151360000000000_MIT 0aMCE 0aSoil mechanics.4 uhttp://www.loc.gov/catdir/toc/onix05/92021521.html42uhttp://www.loc.gov/catdir/description/wiley034/92021521.html42uhttp://www.loc.gov/catdir/enhancements/fy0607/92021521-b.html